| 000 | 00449nom a22001697a 4500 | ||
|---|---|---|---|
| 005 | 20220609171450.0 | ||
| 008 | 161205b xxu||||| |||| 00| 0 spa d | ||
| 041 | _aSPA | ||
| 082 | _aETAPAS DE LA GESTACIÓN | ||
| 245 | _aEtapas de la gestación | ||
| 260 | _c2016 | ||
| 500 | _aSe prestan para el mismo día, hasta las 7:50 pm | ||
| 650 |
_aGESTACIÓN _963627 |
||
| 650 |
_aEMBARAZO _9328 |
||
| 650 |
_aMODELOS ANATÓMICOS _963628 |
||
| 942 | _cMA | ||
| 999 |
_c8766 _d8766 |
||